000 00709nam a2200241 i 4500
001 bg
100 1 _aMAC, Stanisław
245 0 _aObróbka metali z materiałoznawstwem /
_cStanisław Mac.
250 _aWyd.9 popr.
260 _aWarszawa :
_bWydawnictwa Szkolne i Pedagogiczne,
_c1992.
300 _a384 s. :
_brys., wykr. ;
_c21 cm.
500 _aPodręcznik dla zasadniczej szkoły zawodowej i liceum zawodowego.
504 _aBibliogr. s. 384.
650 9 _aMetale
_xtechnologia
655 _aPodręczniki szkolne
020 _a8302043192
040 _cBPK
041 0 _apl
080 _a621.7(075.3)
920 _a83-02-04319-2
942 _cKS
008 s pl f |000 0 pol
999 _c32103
_d32103
856 _uhttp://koha.tu.koszalin.pl/cgi-bin/koha/opac-detail.pl?biblionumber=32103
_yKatalog online BPK